| 000 | 00000nas##2200000za#4500 |
| 001 | 9.514069 |
| 003 | CaOODSP |
| 005 | 20210615082836 |
| 007 | ta |
| 008 | 150406c2010||||xxc|| p #||||f| |0fre|d |
| 040 | |aCaOODSP|bfre |
| 043 | |an-cn--- |
| 086 | 1 |aTU1-2F |
| 110 | 2 |aBureau de la sécurité des transports du Canada. |
| 245 | 10|aSommaire statistique des événements ferroviaires |
| 246 | 3 |aSommaire statistique du BST, événements ferroviaires |
| 260 | |aOttawa - Ontario : |bBureau de la sécurité des transports du Canada |
| 310 | |aAnnuel |
| 520 | 3 |aA pour objet de fournir un résumé des statistiques annuelles sur les événements ferroviaires aux personnes qui s’intéressent à la sécurité ferroviaire au Canada. Il vise uniquement les compagnies ferroviaires de compétence fédérale. |
| 691 | 07|aAccident ferroviaire|2gcpds |
| 691 | 07|aSécurité des transports|2gcpds |
| 775 | 08|tStatistical summary, railway occurrences |w(CaOODSP)9.515747 |
| 776 | 0#|tSommaire statistique des événements ferroviaires |w(CaOODSP)9.502183 |